=LDR 00000nam 2200000 4500 =001 NUTBA000000000004454 =005 20211104121001 =035 ##$$a 0010-091400000000487 =008 211104###########################0#ind## =020 ##$$a 978-979-29-1326-2 =040 ##$$a NBPDMAT =082 ##$$a 540.76 =084 ##$$a 540.76 Agu c =100 ##$$a Agus Kamaludin =245 1#$$a Cara Cepat Kuasai Konsep Kimia dalam 8 jam SMA Kelas XII /$c Agus Kamaludin =260 ##$$a Yogyakarta :$b Andi,$c 2010 =300 ##$$a vii, 170 hlm. : $b ilus. ; $c 23 cm. =650 #4$$a Kimia-SMA-soal,dsb =990 ##$$a 21409907 =990 ##$$a 21409908 =990 ##$$a 21409909 =990 ##$$a 21409910 =990 ##$$a 21409911 =990 ##$$a 0001/BPAP-NTB/2015 =990 ##$$a 21409900 =990 ##$$a 21409907 =990 ##$$a 21409908 =990 ##$$a 21409909 =990 ##$$a 21409910 =990 ##$$a 21409911